Normal view
MARC view
Entry Término temático
001 - NÚMERO DE CONTROL
- campo de control: 238019
003 - IDENTIFICADOR DE NÚMERO DE CONTROL
- campo de control: ES-MaACL
005 - FECHA Y HORA DE LA ÚLTIMA TRANSACCIÓN
- campo de control: 20250425145959.0
008 - ELEMENTOS DE DATO DE LONGITUD-FIJA
- campo de control de longitud fija: 240810|| aca||aabn | a|a d
040 ## - FUENTE DE CATALOGACIÓN
- Centro catalogador/agencia de origen: ES-MaACL
- Centro/agencia transcriptor: ES-MaACL
150 ## - ENCABEZAMIENTO--TÉRMINO DE MATERIA
- Término de materia o nombre geográfico como elemento de entrada: Estadista-
- Subdivisión geográfica: Polonia-
- Subdivisión de forma: Biografía
670 ## - FUENTE DE DATOS ENCONTRADOS
- Cita de la fuente: Work cat.: (ES-MaACL)196028: Mencfel, Michał, 238015, Athanasius Raczynski (1788-1874). Aristocrat, Diplomat, and Patron of the Arts /
